| 000 | 00524nam a2200169Ia 4500 | ||
|---|---|---|---|
| 008 | 210716s2004 xx 000 0 und d | ||
| 020 | _a0195670094 | ||
| 041 | _aeng | ||
| 082 | _a338.0954 BASK | ||
| 100 | _aBasu, Kaushik. | ||
| 245 |
_aIndia's emerging economy: performace and prospects in the 1990s and beyond. _bPerformace and prospects in the 1990s and beyond. |
||
| 250 | _a1 | ||
| 260 |
_aNew York _bOxford University Press _c2004 |
||
| 300 | _aviii,319 | ||
| 650 | _aEntrepreneurship | ||
| 700 | _aBasu, Kaushik. | ||
| 999 |
_c199304 _d199304 |
||